000 00525nam a2200133Ia 4500
005 20260209120151.0
008 260209s9999||||xx |||||||||||||| ||und||
100 _aTarun Chhapola
245 0 _aLiberty as stake : assessing the imperative of bail reforms in India's criminal justice system
260 _aBangaloreBangalore
_bNLSIU, Bangalore
_c2023 - 2024
300 _a42 p. ; 25 cm.
700 _aMs. Radhika Chitkara - SupervisorMs. Radhika Chitkara - Supervisor
856 _uhttps://dans.nls.ac.in/handle/123456789/2210
999 _c217722
_d217722